| 000 | 01106cab a2200337 4500 | ||
|---|---|---|---|
| 001 | X3290 | ||
| 008 | 090401t1996 xxu||||| |||| 00| 0 eng d | ||
| 035 | _a(Sirsi) u29631 | ||
| 041 | _aeng | ||
| 245 | _aKirklees MBC v Harold Fisher Plastics Ltd | ||
| 260 | _c1996 | ||
| 350 | _a0 | ||
| 490 |
_aPlanning Appeal Decisions _v[1996] 11 PAD 140-146(7) |
||
| 520 | _aDecision letter 1 Decemeber 1995. Appeal allowed subject to conditions. Council had refused outline planning permission for residential development at a site used for industrial purposes. | ||
| 650 | _aDEVELOPMENT PLANS | ||
| 650 | _aGROVE MILLS | ||
| 650 | _aINDUSTRIAL SITES | ||
| 650 | _aKIRKLEES MBC V HAROLD FISHER PLASTICS LTD | ||
| 650 | _aLEGAL COSTS | ||
| 650 | _aLOCAL GOVERNMENT ACT 1972 S250 | ||
| 650 | _aNEW HOUSING | ||
| 650 | _aPLANNING POLICY GUIDANCE NOTE 13 | ||
| 650 | _aPPG17 | ||
| 650 | _aPPG3 | ||
| 650 | _aPPG4 | ||
| 650 | _aRESIDENTIAL DEVELOPMENT | ||
| 650 | _aTOWN AND COUNTRY PLANNING ACT 1990 S78 | ||
| 690 | _aPLANNING LAW AND PRACTICE-CASE LAW | ||
| 942 | _n0 | ||
| 948 | _c04/03/1997 | ||
| 999 |
_c19936 _d19936 |
||